| 000 | 00671nam a2200205Ia 4500 | ||
|---|---|---|---|
| 999 |
_c65129 _d65129 |
||
| 003 | GCL | ||
| 005 | 20240530110808.0 | ||
| 008 | 140319s9999 xx 000 0 ara d | ||
| 040 |
_aGCL / _cGCL |
||
| 082 | 0 | 4 |
_a109 _bم ت |
| 100 | 1 | _aمحمد على ابوريان | |
| 245 | 1 | 0 |
_aتاريخ الفكر الفلسفى : _bارسطو والمدارس المتاخرة / _cمحمد على ابوريان |
| 260 |
_aالقاهرة : _bدار المعرفة الجامعية ، _c1996 |
||
| 300 |
_a512 ص ؛ _c24 ص |
||
| 650 | 0 | 4 | _aاللاهوت |
| 650 | 0 | 4 | _aارسطو |
| 650 | 0 | 4 | _aالفلسفة الغربية |
| 650 | 0 | 4 | _aالفلاسفة |
| 942 |
_2ddc _cBK |
||